000 01037nam a2200277 a 4500
001 000017855
003 OSt
005 20260321073640.0
008 100406s1998 dr abc 000 0 spa d
040 _aDO-SdBNP
_bspa
_cBNPHU
082 _a972.93054
_bF827b
100 1 _aFranjul, Miguel,
_d1951-
_938764
245 1 0 _aBosch :
_bnoventa días de clandestinidad /
_cMiguel Franjul.
260 _aSanto Domingo :
_bFranjul, Analista & Asesores,
_c1998.
300 _a262p. :
_bil., map., retr. ;
_c23 cm.
490 1 _aCrónicas periodísticas
_v2
500 _aIncluye datos biográficos del autor en las solapas.
590 _aInventariado, 2019/MFF
600 1 0 _a Bosch, Juan,
_d1909-2001
_976555
650 1 4 _aGuerrillas
_zRepública Dominicana
_xHistoria
_97270
650 1 4 _aPersecuciones políticas
_zRepública Dominicana
_xHistoria
_938766
651 1 4 _aRepública Dominicana
_xPolítica Y Gobierno,
_y1961-
_9204
830 0 _aCrónicas periodísticas
_v2
_938767
910 _aValidado. Control de calidad MFF
942 _2ddc
_cLBS1
999 _c17379
_d17379